000
00244 a2200109 4500
001
51149
040
_c
Anchieta - Pituba
240
1
0
_a
Planet 1
_l
245
1
0
_a
Planet 1
650
4
_a
Línguas germânicas (teutônicas) língua alemã
942
_c
MX
999
_c
51149
_d
51149